Manual para la financiación de la PYME (Registro nro. 161710)
[ vista simple ]
| 000 -LEADER | |
|---|---|
| fixed length control field | 01323nam a2200313 i 4500 |
| 007 - PHYSICAL DESCRIPTION FIXED FIELD--GENERAL INFORMATION | |
| fixed length control field | cr|||| |||| |
| 008 - FIXED-LENGTH DATA ELEMENTS--GENERAL INFORMATION | |
| fixed length control field | 110301s2010 sp 000 spad| |
| 017 ## - | |
| -- | D.L.: B. 37.199-2010 |
| 020 ## - INTERNATIONAL STANDARD BOOK NUMBER | |
| International Standard Book Number | 9788415179009 |
| 035 ## - | |
| -- | 6515 |
| 040 ## - CATALOGING SOURCE | |
| Original cataloging agency | UGR |
| Modifying agency | BUS |
| -- | vLex |
| 080 ## - | |
| -- | 658.14 |
| 090 ## - | |
| -- | 3310 |
| -- | 3310 |
| 100 1# - MAIN ENTRY--PERSONAL NAME | |
| Personal name | Vázquez Torres, Ángel Luis |
| 245 10 - TITLE STATEMENT | |
| Title | Manual para la financiación de la PYME |
| Medium | [Recurso electrónico] / |
| Statement of responsibility, etc | Ángel Luis Vázquez Torres, Domingo Carbajo Vasco, Fidelio López Peláez. |
| 250 ## - | |
| -- | 2a ed. |
| 256 ## - | |
| -- | Servicio en línea |
| 260 ## - PUBLICATION, DISTRIBUTION, ETC. (IMPRINT) | |
| Place of publication, distribution, etc | Barcelona : |
| Name of publisher, distributor, etc | Experiencia, |
| Date of publication, distribution, etc | 2010. |
| 300 ## - PHYSICAL DESCRIPTION | |
| Extent | 1 recurso electrónico |
| 506 1# - RESTRICTIONS ON ACCESS NOTE | |
| Terms governing access | Contenido solo disponible en los productos indicados |
| Authorized users | vLex Global |
| -- | vLex Global (Academic Edition, excluding Law Schools) |
| -- | vLex Global (U.S. Academic Edition, Law Schools) |
| -- | vLex Global (U.S. Academic Edition, excluding Law Schools) |
| -- | vLex Global (Academic Edition, Law Schools) |
| 650 04 - SUBJECT ADDED ENTRY--TOPICAL TERM | |
| Topical term or geographic name as entry element | Empresas |
| General subdivision | Financiación |
| 650 04 - SUBJECT ADDED ENTRY--TOPICAL TERM | |
| Topical term or geographic name as entry element | Pequeñas y medianas empresas |
| General subdivision | Finanzas. |
| 700 1# - ADDED ENTRY--PERSONAL NAME | |
| Personal name | Carbajo Vasco, Domingo, |
| Relator term | coaut. |
| 700 1# - ADDED ENTRY--PERSONAL NAME | |
| Personal name | López Peláez, Fidelio, |
| Relator term | coaut. |
| 740 0# - | |
| -- | vLex Libros (Servicio en línea) |
| 856 40 - LOCALIZACIÓN Y ACCESO ELECTRÓNICO | |
| Identificador Uniforme del Recurso (URI/URL) | https://app.vlex.com/#/sources/manual-financiacion-pyme-6515 |
| 942 ## - | |
| -- | RAA |
| 999 ## - | |
| -- | 161710 |
| -- | 161710 |
No hay ítems disponibles.